000 00465nam a22001817a 4500
003 OSt
005 20220905094125.0
008 220905b |||||||| |||| 00| 0 eng d
020 _a9780007489831
040 _cIFM Library
082 _a368.03
100 _aCobuild, Collions
245 _a Key words for Insurance
260 _aItaly:
_bHarperCollins Publishers,
_c2013
300 _aviii, 177p.:
_bill.; 20cm.
_eCD
650 _aInsurance
942 _cBK
_2ddc
_n0
999 _c15972
_d15972